Ακολουθώντας τα ίχνη του Αννίβα

Τον 3ο αιώνα π.Χ. ο κόσμος συγκλονίστηκε από τον πόλεμο που κήρυξε ο Αννίβας εναντίον της Ρώμης. Ακολουθώντας τα ίχνη του Ρωμαίου διοικητή Γάιου Φλάβιου, αιχμαλώτου του Αννίβα, θα επισκεφθούμε τους τόπους απ'όπου πέρασαν τα στρατεύματα του εισβολέα: από την Καρχηδόνα, με την εξαίρετη αρχαιολογι...

Πλήρης περιγραφή

Αποθηκεύτηκε σε:
Λεπτομέρειες βιβλιογραφικής εγγραφής
Συγγραφή απο Οργανισμό/Αρχή: Kos Advanced Communication Mix (Εταιρεία)
Μορφή: VHS
Γλώσσα:Greek
Italian
Δημοσίευση: [χ.τ.] : DeAgostini Hellas Ltd., c2002.
Σειρά:Συγκλονιστικές ανακαλύψεις και αρχαίοι πολιτισμοί ; 20
Θέματα:
Ετικέτες: Προσθήκη ετικέτας
Δεν υπάρχουν, Καταχωρήστε ετικέτα πρώτοι!

MARC

LEADER 00000cgm a2200000 i 4500
001 1/58939
007 mf cbahn
008 040721s2002 gr ||| gre
035 |l 10074031 
040 |a GR-MyUA  |b gre  |e AACR2 
041 1 |a gre  |h ita 
082 0 |a 937.04  |2 (21) 
245 1 0 |a Ακολουθώντας τα ίχνη του Αννίβα  |h [μαγνητοσκόπηση] /   |c Μια παραγωγή της Kos S.r.l..  
260 |a [χ.τ.] :   |b DeAgostini Hellas Ltd.,   |c c2002.  
300 |a 1 βιντεοκασέτα (π. 30 λεπτ.) :   |b ομιλ., έγχρ. ;   |c 1/4 ίν. (1/2 ίν.).  
490 1 |a (Συγκλονιστικές ανακαλύψεις και αρχαίοι πολιτισμοί   |v ; 20)  
500 |a Ντοκιμαντέρ 
500 |a TVHS 
500 |a Τίτλος πρωτοτύπου: Lungo i sentieri di Annibale.  
511 |a Αφηγητής: Ηλίας Ζερβός 
520 |a Τον 3ο αιώνα π.Χ. ο κόσμος συγκλονίστηκε από τον πόλεμο που κήρυξε ο Αννίβας εναντίον της Ρώμης. Ακολουθώντας τα ίχνη του Ρωμαίου διοικητή Γάιου Φλάβιου, αιχμαλώτου του Αννίβα, θα επισκεφθούμε τους τόπους απ'όπου πέρασαν τα στρατεύματα του εισβολέα: από την Καρχηδόνα, με την εξαίρετη αρχαιολογική της θέση, ως την ισπανική πόλη Σαγούντον, και από εκεί, μέσω των Άλπεων, ως τις πύλες της Ρώμης. Στην αρχαία πόλη στις όχθες του Τιβέρη θα ξαναδούμε τα μεγαλειώδη ερείπια της εποχής της Δημοκρατίας, από τα οποία ξεχωρίζει ο επιβλητικός ναός του Καπιτωλίου Διός, που θα επισκεφθούμε χάρη σε μία συναρπαστική ψηφιακή αναπαράσταση. 
521 |a Ταινία κατάλληλη για όλους τους θεατές 
600 0 0 |a Hannibal,   |d 247 B.C.-182 B.C.  |x Military leadership. 
650 0 0 |a Punic War, 2nd, 218-201 B.C.  |x Campaigns  |z Italy. 
651 0 |a Carthage (Extinct city)  |x History. 
710 2 |a Kos Advanced Communication Mix (Εταιρεία) 
830 0 |a Συγκλονιστικές ανακαλύψεις και αρχαίοι πολιτισμοί ;  |v  20 
852 |a INST  |b SYROS  |c AV  |e 20040721  |h 937.04 ΑΚΟ  |p 005500003411  |q 005500003411  |t VC  |y 23 
901 |a BIBL1-2003-2 
909 |a Ε  |b 111575 
970 |a ΒΟΪΚΟΥ  |b ΧΡΥΣΑΝΘΗ  |z 2004/07/21